Устав Коммунистической партии Советского Союза

Bibliographic Details
Summary:Утвержден XXII съездом, частичные изменения внесены XXIII и XXIV съездами КПСС.
Language:Russian
Published: Москва, Политиздат, 1972
Subjects:
Format: Book
KOHA link:https://koha.lib.tpu.ru/cgi-bin/koha/opac-detail.pl?biblionumber=213715

MARC

LEADER 00000nam0a2200000 4500
001 213715
005 20231031193351.0
020 |a RU  |b 91-14167 
035 |a (RuTPU)RU\TPU\book\233534 
035 |a RU\TPU\book\218908 
090 |a 213715 
100 |a 20120417d1972 m y0rusy5003 ca 
101 0 |a rus 
102 |a RU 
105 |a y z 000zy 
200 1 |a Устав Коммунистической партии Советского Союза 
210 |a Москва  |c Политиздат  |d 1972 
215 |a 127 с.  |d 10 см. 
300 |a Утвержден XXII съездом, частичные изменения внесены XXIII и XXIV съездами КПСС. 
610 1 |a Коммунистическая партия Советского Союза 
610 1 |a члены партии 
610 1 |a права 
610 1 |a обязанности 
610 1 |a внутрипартийная демократия 
610 1 |a строение 
610 1 |a коммунисты 
610 1 |a денежные средства 
610 1 |a миниатюрные издания 
686 |a Ф61(2)02  |2 rubbk 
801 0 |a RU  |b RuMRKP  |c 19950417  |g psbo 
801 1 |a RU  |b 63413507  |c 20110915 
801 2 |a RU  |b 63413507  |c 20120517  |g RCR 
942 |c BK